Europa Geographie Quiz #1 - Statistiken

Allgemein
  • Dieses Quiz wurde 14.762 mal gespielt
    14.625 seit der letzten Aktualisierung
  • Das Durchschnittsergebnis liegt bei 12 aus 20
Antwortstatistiken
Frage Antwort % Korrekt
Welche Hauptstadt Europas liegt auf dem Festland und ist am westlichsten? Lissabon
93%
In welchem kleinen Land ist der Stadtteil Monte Carlo zu finden? Monaco
87%
In welchem Land liegt der originale Themenpark Legoland? Dänemark
82%
Wie heißt der vollständige Name von Frankfurt, um es von Frankfurt an der Oder zu unterscheiden? Frankfurt {am Main}
81%
Welcher Fluss fließt durch Hauptstädte von vier verschiedenen Ländern? Donau
78%
Was ist Griechenlands größte Insel? Kreta
76%
Was sind Neuschwanstein und Balmoral? Schlösser
74%
Aus welchem Meer extrahiert das Vereinigte Königreich den größten Teil seines Rohöls? Nordsee
72%
In welcher Region Spaniens befindet sich Barcelona? Katalonien
65%
Welche Sprache hat zwei Schreibformen: Bokmål und Nynorsk? Norwegisch
62%
Wie heißt die Hauptstadt Albaniens? Tirana
62%
Welche Meerenge trennt Spanien von Afrika? Straße von Gibraltar
59%
Welches Meer liegt zwischen Italien und Kroatien? Adriatisches Meer
55%
Wie hieß St. Petersburg von 1924 bis 1991? Leningrad
54%
Welche Stadt in Österreich hat die Olympischen Winterspiele zweimal ausgetragen? Innsbruck
52%
Welche französische Weinregion endet mit dem Buchstaben X? Bordeaux
51%
Was ist der größte See an der schweizerisch-französischen Grenze? Genfersee
49%
Welche französische Stadt kann man auf der anderen Seite der Straße von Dover finden? Calais
40%
In welcher vom Krieg zerrissenen russischen Republik ist Grozny die Hauptstadt? Tschetschenien
21%
Welche Stadt, beginnend mit dem Buchstaben I, ist die nördlichste offizielle Stadt im Vereinigten Königreich? Inverness
19%
Keine übereinstimmenden Quizze gefunden
Verteilung der Resultate
Anzahl Personen mit jedem Resultat
Perzentil nach korrekt beantworteten Fragen
Ihre Resultats-Entwicklung
Sie haben dieses Quiz seit der letzten Aktualisierung nicht gespielt